Logo - Statistiques

Statistiques générales
  • Ce quiz a été pris 348 fois
  • Le résultat moyen est 15 sur 16
Statistiques - réponses
Par images Réponse % Correct
Amazon
100%
Adidas
99%
Google
99%
Instagram
99%
KFC
99%
Facebook
98%
Lacoste
98%
Spotify
98%
TikTok
98%
PlayStation
97%
WhatsApp
96%
Mc'Donalds
94%
Louis Vuitton
91%
Jet Punk
84%
Skoda
83%
Warner Bros
74%
Aucun quiz correspondant
Distribution des résultats
% des personnes avec chaque résultat
Percentile par nombre de réponses
Votre historique - résultats
Vous n’avez pas pris ce quiz